00221nam a2200085Ia 450000100070000000500170000700800410002424500490006526000210011480806120250826171243.0250824s9999 xx 000 0 und d 0aBENİ SUSARKEN BÖLMEcKAHRAMAN TAZEOĞLU bDESTEK YAYINLARI